22/23 Premier League teams, managers, captains and top scorers - Statistics

General Stats
  • This quiz has been taken 73 times
  • The average score is 53 of 74
Answer Stats
Answers % Correct
Erik ten Hag
100%
Harry Kane
100%
Kai Havertz
100%
Martin Ødegaard
100%
Mikel Arteta
100%
Pep Guardiola
100%
Callum Wilson
89%
David Moyes
89%
Eddie Howe
89%
Erling Haaland
89%
Frank Lampard
89%
Graham Potter
89%
Harry Maguire
89%
Hugo Lloris
89%
Jarrod Bowen
89%
Jordan Henderson
89%
Jürgen Klopp
89%
Marco Silva
89%
Mohamed Salah
89%
Ollie Watkins
89%
Roy Hodgson
89%
Thomas Frank
89%
Thomas Tuchel
89%
Unai Emery
89%
Dean Smith
78%
Declan Rice
78%
Eberechi Eze
78%
Gabriel Martinelli
78%
Gary O'Neil
78%
İlkay Gündoğan
78%
Ivan Toney
78%
Jamaal Lascelles
78%
John McGinn
78%
Lewis Dunk
78%
Liam Cooper
78%
Marcus Rashford
78%
Roberto De Zerbi
78%
Rúben Neves
78%
Séamus Coleman
78%
Sean Dyche
78%
Steve Cooper
78%
Aleksandar Mitrović
67%
Brendan Rodgers
67%
César Azpilicueta
67%
Harvey Barnes
67%
Jesse Marsch
67%
Jonny Evans
67%
Julen Lopetegui
67%
Patrick Vieira
67%
Ryan Mason
67%
Steven Gerrard
67%
Taiwo Awoniyi
67%
Tom Cairney
67%
Antonio Conte
56%
Bruno Lage
56%
James Ward-Prowse
56%
Javi Gracia
56%
Joe Worrall
56%
Neto
56%
Rodrigo
56%
Saïd Benrahma
56%
Sam Allardyce
56%
Alexis Mac Allister
44%
Dwight McNeil
44%
Luka Milivojević
44%
Pontus Jansson
44%
Cristian Stellini
33%
Daniel Podence
33%
Lloyd Kelly
33%
Nathan Jones
33%
Philip Billing
33%
Ralph Hasenhüttl
33%
Rubén Sellés
33%
Scott Parker
33%
No matching quizzes found
Score Distribution
Percent of People with Each Score
Percentile by Number Answered
Your Score History
You have not taken this quiz